000 00689nam a2200277Ia 4500
005 20260324123118.0
008 008 260324s9999 xx 000 0 eng d
020 _a9780203832400
037 _aEBOOK
040 _aCRL
040 _beng
040 _cCRL
041 _2eng
041 _aeng
084 _qCRL
100 _aJohn Bitchener; Dana R. Ferris
_91169070
245 0 _aWritten Corrective Feedback in Second Language Acquisition and Writing
260 _bTaylor and Francis
260 _c2012
365 _a
365 _b280
856 _uhttp://www.taylorfrancis.com/books/9780203832400
942 _cEBOOK
999 _c1762306
_d1762306